[Event "DEM U16w 2009"]
[Site "Willingen GER"]
[Date "2009.06.03"]
[Round "6"]
[White "Smolkina, Milana"]
[Black "Schulz, Anja"]
[Result "0-1"]
[Termination "normal"]
[Board "2"]
[WhiteElo "1917"]
[BlackElo "1995"]
[PlyCount "90"]
[WhiteFideId "24618780"]
[BlackFideId "24647845"]
[EventCountry "GER"]
[EventRounds "9"]
[EventType "swiss"]
[EventDate "2009.05.30"]

1. e4 c5 2. Nf3 d6 3. d4 cxd4 4. Nxd4 Nf6 5. Nc3 a6 6. Bg5 e6 7. f4 Qb6 8. Qd2
Nc6 9. O-O-O Qxd4 10. Qxd4 Nxd4 11. Rxd4 h6 12. Bxf6 gxf6 13. f5 h5 14. Kb1 b5
15. Be2 Rb8 16. Rf1 Bd7 17. a3 Ke7 18. Rfd1 Rb6 19. a4 Bh6 20. axb5 axb5 21.
Rb4 Rhb8 22. Bxh5 Be3 23. Bg4 Ra6 24. fxe6 fxe6 25. b3 Bc5 26. Rbd4 Bxd4 27.
Rxd4 b4 28. Na2 Rxa2 29. Kxa2 e5 30. Bxd7 exd4 31. Bf5 Rg8 32. Bh3 d5 33. exd5
Kd6 34. Kb1 Kxd5 35. Kc1 Ke4 36. Bd7 Ke3 37. Bc6 f5 38. Bf3 f4 39. h4 Rh8 40.
h5 Rh6 41. Kb2 Kd2 42. Bg4 Rh7 43. Kb1 Re7 44. Kb2 Rc7 45. Bf5 Rc5 0-1

[Event "DEM U16w 2009"]
[Site "Willingen GER"]
[Date "2009.06.03"]
[Round "6"]
[White "Stitterich, Nadine"]
[Black "Blübaum, Johanna"]
[Result "0-1"]
[Termination "normal"]
[Board "3"]
[WhiteElo "1918"]
[BlackElo "1951"]
[PlyCount "84"]
[WhiteFideId "24676527"]
[BlackFideId "24647373"]
[EventCountry "GER"]
[EventRounds "9"]
[EventType "swiss"]
[EventDate "2009.05.30"]

1. e4 e6 2. d4 d5 3. Nc3 Nf6 4. Bg5 dxe4 5. Nxe4 Be7 6. Bxf6 gxf6 7. Nf3 f5 8.
Ng3 c5 9. Qd2 cxd4 10. Nxd4 Bd7 11. O-O-O Nc6 12. Kb1 Nxd4 13. Qxd4 Rg8 14. Qe3
Qc7 15. Ne2 Rc8 16. c3 Bc6 17. Nd4 Bxg2 18. Bxg2 Rxg2 19. Qh3 Rxf2 20. Qxh7 Qb6
21. Qh8+ Bf8 22. Nb3 Qc6 23. Qd4 Qe4+ 24. Qxe4 fxe4 25. Nd4 e5 26. Nc2 Rd8 27.
Rxd8+ Kxd8 28. Ne3 f5 29. Nc4 Bg7 30. h4 b5 31. Ne3 Bh6 32. Nd5 e3 33. Re1 e2
34. Kc2 e4 35. Nb4 Kd7 36. Nd5 Rh2 37. a3 Kd6 38. c4 bxc4 39. Nc3 Ke5 40. Nxe2
f4 41. Kc3 f3 42. Nd4 Bd2+ 0-1

[Event "DEM U16w 2009"]
[Site "Willingen GER"]
[Date "2009.06.03"]
[Round "6"]
[White "Stark, Saskia"]
[Black "Bochis, Julia"]
[Result "0-1"]
[Termination "normal"]
[Board "4"]
[WhiteElo "1936"]
[BlackElo "2047"]
[PlyCount "52"]
[WhiteFideId "4601050"]
[BlackFideId "24647276"]
[EventCountry "GER"]
[EventRounds "9"]
[EventType "swiss"]
[EventDate "2009.05.30"]

1. e4 c5 2. Nf3 e6 3. d4 cxd4 4. Nxd4 Nc6 5. Nc3 Qc7 6. Be3 a6 7. Qd2 Nf6 8.
O-O-O Bb4 9. f3 O-O 10. g4 b5 11. Kb1 Bb7 12. Rg1 Ne5 13. h4 d5 14. g5 Nxf3 15.
Nxf3 Nxe4 16. Nxe4 Bxd2 17. Nexd2 e5 18. c3 b4 19. cxb4 Bc8 20. Bc5 Bf5+ 21.
Ka1 Rfe8 22. Bg2 a5 23. Nb3 axb4 24. Bxb4 Qc4 25. Ba3 Rxa3 26. Nfd2 Rxa2+ 0-1

[Event "DEM U16w 2009"]
[Site "Willingen GER"]
[Date "2009.06.03"]
[Round "6"]
[White "Anker, Christin"]
[Black "Micklich, Rahel"]
[Result "1/2-1/2"]
[Termination "normal"]
[Board "5"]
[WhiteElo "1886"]
[BlackElo "1779"]
[PlyCount "60"]
[WhiteFideId "1615688"]
[BlackFideId "24639184"]
[EventCountry "GER"]
[EventRounds "9"]
[EventType "swiss"]
[EventDate "2009.05.30"]

1. e4 e6 2. d4 d5 3. Nc3 Nf6 4. e5 Nfd7 5. f4 c5 6. Nf3 Nc6 7. Ne2 Qb6 8. c3
cxd4 9. cxd4 f6 10. g3 Bb4+ 11. Bd2 O-O 12. Bxb4 Qxb4+ 13. Qd2 Qxd2+ 14. Kxd2
fxe5 15. Nxe5 Ndxe5 16. fxe5 Bd7 17. Bh3 g5 18. Rhf1 Kg7 19. Ke3 Nb4 20. Rac1
Rxf1 21. Bxf1 Rc8 22. Rxc8 Bxc8 23. a3 Nc6 24. Nc3 Ne7 25. Nb5 Nf5+ 26. Kd3 b6
27. g4 Ba6 28. a4 Bxb5+ 29. axb5 Nh4 30. Ke3 Ng6 1/2-1/2

[Event "DEM U16w 2009"]
[Site "Willingen GER"]
[Date "2009.06.03"]
[Round "6"]
[White "Carow, Annelen"]
[Black "Dorn, Carina"]
[Result "1/2-1/2"]
[Termination "normal"]
[Board "6"]
[WhiteElo "1661"]
[BlackElo "1793"]
[PlyCount "81"]
[WhiteFideId "24692492"]
[BlackFideId "24666335"]
[EventCountry "GER"]
[EventRounds "9"]
[EventType "swiss"]
[EventDate "2009.05.30"]

1. d4 e6 2. c4 Bb4+ 3. Nc3 Bxc3+ 4. bxc3 f5 5. g3 Nf6 6. Bg2 O-O 7. Nf3 d6 8.
O-O Qe8 9. Ba3 Nc6 10. c5 Ne4 11. cxd6 cxd6 12. Qc2 Rf6 13. Nd2 Nxd2 14. Qxd2
d5 15. f3 Na5 16. Qc2 Nc4 17. Bc1 Bd7 18. a4 b6 19. e4 Rc8 20. Re1 Qf8 21. Bf4
Bc6 22. Bf1 Rg6 23. exf5 exf5 24. Bxc4 dxc4 25. Kf2 Qf7 26. Re5 Re8 27. Qxf5
Rge6 28. Qxf7+ Kxf7 29. a5 Rxe5 30. Bxe5 Re7 31. axb6 axb6 32. Ra6 Rb7 33. Ke3
Ke6 34. g4 g6 35. f4 Bg2 36. Kf2 Be4 37. Kg3 h5 38. h3 Bd3 39. Kf3 Bc2 40. Kg3
Bd3 41. Kf3 1/2-1/2

[Event "DEM U16w 2009"]
[Site "Willingen GER"]
[Date "2009.06.03"]
[Round "6"]
[White "Harder, Anne"]
[Black "Nguyen Minh, Thuy"]
[Result "0-1"]
[Termination "normal"]
[Board "7"]
[WhiteElo "1598"]
[BlackElo "1862"]
[PlyCount "98"]
[WhiteFideId "4614631"]
[BlackFideId "24672688"]
[EventCountry "GER"]
[EventRounds "9"]
[EventType "swiss"]
[EventDate "2009.05.30"]

1. e4 c5 2. Nc3 Nc6 3. Nge2 e6 4. g3 g6 5. Bg2 Bg7 6. O-O Nge7 7. d3 O-O 8. Be3
d6 9. f4 f5 10. exf5 Nxf5 11. Bf2 Bd7 12. Ne4 Qc7 13. Rb1 b6 14. g4 Nfe7 15.
Bg3 Rad8 16. f5 exf5 17. Bxd6 Qc8 18. gxf5 Bxf5 19. N2g3 Qe6 20. Bxe7 Nxe7 21.
a3 Nd5 22. Qd2 Ne3 23. Rfe1 Nxg2 24. Kxg2 Bg4 25. c3 Qd5 26. Re3 Bh6 27. Rf1
Bxe3 28. Qxe3 Rxf1 29. Kxf1 Kg7 30. Kg2 Qxd3 31. Qf4 Qc2+ 32. Kg1 Qd1+ 33. Nf1
Rf8 34. Qe5+ Kg8 35. Neg3 Qf3 36. Qe3 Bh3 37. Qxf3 Rxf3 38. Nd2 Rd3 39. Nde4
Bf5 40. Kf2 Bxe4 41. Nxe4 Rh3 42. Kg2 Re3 43. Nf6+ Kg7 44. Kf2 Rd3 45. Ne4 Rh3
46. Kg2 Re3 47. Ng3 Re1 48. b4 cxb4 49. axb4 Re3 0-1

[Event "DEM U16w 2009"]
[Site "Willingen GER"]
[Date "2009.06.03"]
[Round "6"]
[White "Wild, Katharina"]
[Black "Müller, Alexandra"]
[Result "0-1"]
[Termination "normal"]
[Board "8"]
[WhiteElo "1904"]
[BlackElo "1561"]
[PlyCount "56"]
[WhiteFideId "24678015"]
[BlackFideId "24691496"]
[EventCountry "GER"]
[EventRounds "9"]
[EventType "swiss"]
[EventDate "2009.05.30"]

1. c4 e6 2. g3 d5 3. Bg2 Nf6 4. d4 Be7 5. Nf3 O-O 6. Qc2 b6 7. O-O c5 8. b3 Qc7
9. Bb2 Bb7 10. Nbd2 Nbd7 11. Rfe1 Rac8 12. Rac1 Rfd8 13. cxd5 exd5 14. e4 Nxe4
15. Nxe4 dxe4 16. Nd2 f5 17. Qc4+ Kh8 18. Qe6 Bg5 19. Bc3 Rf8 20. h4 Rce8 21.
Qc4 Bf6 22. b4 Qc8 23. dxc5 bxc5 24. bxc5 Ne5 25. Bxe5 Rxe5 26. Bf1 Qc7 27. Nb3
e3 28. f4 Qc6 0-1

[Event "DEM U16w 2009"]
[Site "Willingen GER"]
[Date "2009.06.03"]
[Round "6"]
[White "Sonnhalter, Stella"]
[Black "Begeluri, Nino"]
[Result "1-0"]
[Termination "normal"]
[Board "9"]
[WhiteElo "1766"]
[BlackElo "1776"]
[PlyCount "75"]
[WhiteFideId "4624815"]
[EventCountry "GER"]
[EventRounds "9"]
[EventType "swiss"]
[EventDate "2009.05.30"]

1. e4 c5 2. Nc3 Nc6 3. Bb5 Nf6 4. Bxc6 dxc6 5. f4 g6 6. Nf3 Bg7 7. d3 O-O 8.
O-O Qc7 9. Qe1 Rd8 10. Qh4 Bg4 11. f5 Bxf3 12. Rxf3 Nh5 13. g4 Bf6 14. Qh3 Bd4+
15. Kh1 Nf6 16. Qh4 Kf8 17. fxg6 hxg6 18. Qh8+ Ng8 19. Bh6+ Ke8 20. Qxg8+ Kd7
21. Qxf7 Rh8 22. Qxg6 Qb6 23. Rc1 Rae8 24. Rf7 Kd8 25. Qe6 Qxb2 26. Ne2 Bf6 27.
g5 Bc3 28. Qb3 Qxb3 29. cxb3 Bb4 30. Rcf1 Bd2 31. Bg7 Rhg8 32. g6 Kd7 33. Ng3
Ke6 34. Nh5 Rd8 35. Rf8 Rgxf8 36. Rxf8 Rxd3 37. Nf4+ Bxf4 38. Rxf4 1-0

[Event "DEM U16w 2009"]
[Site "Willingen GER"]
[Date "2009.06.03"]
[Round "6"]
[White "Jünger, Theresa"]
[Black "Grömping, Carolin"]
[Result "1/2-1/2"]
[Termination "normal"]
[Board "10"]
[WhiteElo "1575"]
[BlackElo "1475"]
[PlyCount "37"]
[EventCountry "GER"]
[EventRounds "9"]
[EventType "swiss"]
[EventDate "2009.05.30"]

1. Nc3 d5 2. e4 d4 3. Nce2 e5 4. Ng3 Be6 5. b3 f6 6. Bc4 Bxc4 7. bxc4 Qd7 8. d3
Bd6 9. N1e2 Ne7 10. O-O Na6 11. a3 O-O 12. Bd2 h5 13. Qb1 h4 14. Nh1 h3 15. g3
Qg4 16. f3 Qd7 17. Qb2 Nc5 18. Rab1 Qc6 19. Qb5 1/2-1/2

[Event "DEM U16w 2009"]
[Site "Willingen GER"]
[Date "2009.06.03"]
[Round "6"]
[White "Beier, Nina"]
[Black "Velina, Valeria"]
[Result "1/2-1/2"]
[Termination "normal"]
[Board "11"]
[WhiteElo "1393"]
[BlackElo "1782"]
[PlyCount "41"]
[WhiteFideId "24660434"]
[BlackFideId "24677345"]
[EventCountry "GER"]
[EventRounds "9"]
[EventType "swiss"]
[EventDate "2009.05.30"]

1. e4 c6 2. d4 d5 3. exd5 cxd5 4. Bd3 Nc6 5. c3 Nf6 6. Bf4 e6 7. Nf3 Bd6 8.
Bxd6 Qxd6 9. Qe2 O-O 10. Ne5 Nd7 11. f4 Ne7 12. O-O f6 13. Qh5 f5 14. Rf3 Nf6
15. Qg5 Ne4 16. Bxe4 fxe4 17. Rg3 Nf5 18. Rh3 Qe7 19. Qg4 Qf6 20. Qe2 Nh6 21.
g3 1/2-1/2

[Event "DEM U16w 2009"]
[Site "Willingen GER"]
[Date "2009.06.03"]
[Round "6"]
[White "Rusch, Julia"]
[Black "Falke, Cynthia"]
[Result "0-1"]
[Termination "normal"]
[Board "12"]
[WhiteElo "1425"]
[BlackElo "1502"]
[PlyCount "102"]
[BlackFideId "24600644"]
[EventCountry "GER"]
[EventRounds "9"]
[EventType "swiss"]
[EventDate "2009.05.30"]

1. d4 d5 2. Nc3 Nf6 3. Bg5 Bf5 4. e3 c6 5. Bd3 Bg6 6. Bxg6 hxg6 7. Nf3 Nbd7 8.
Qe2 e6 9. e4 Qa5 10. e5 Ne4 11. Bd2 Nxd2 12. Nxd2 Qb4 13. Nb3 c5 14. O-O-O c4
15. Nd2 Qa5 16. Ndb1 Nb6 17. Qd2 Na4 18. Nxa4 Qxa4 19. a3 Rc8 20. Nc3 Qa6 21.
Rdf1 b5 22. Na2 c3 23. bxc3 Qxa3+ 24. Kb1 Rc4 25. Qc1 Qa5 26. Qb2 Ba3 27. Qb3
O-O 28. Ka1 Rfc8 29. Rb1 a6 30. h4 Rxc3 31. Nxc3 Rxc3 32. Qa2 Bb2+ 33. Kxb2
Rxc2+ 34. Kxc2 Qxa2+ 35. Kd3 Qxf2 36. h5 Qf5+ 37. Ke3 gxh5 38. Rbc1 Qe4+ 39.
Kf2 Qxd4+ 40. Kf3 Qe4+ 41. Kf2 Qxe5 42. g3 b4 43. Rcf1 a5 44. Rh4 g6 45. Rf4 g5
46. Rf3 a4 47. Kg2 Qe4 48. Kh2 e5 49. R3f2 b3 50. Kh3 a3 51. Rg2 b2 0-1

[Event "DEM U16w 2009"]
[Site "Willingen GER"]
[Date "2009.06.03"]
[Round "6"]
[White "Maiwald, Anja"]
[Black "Garny, Annica"]
[Result "1/2-1/2"]
[Termination "normal"]
[Board "13"]
[WhiteElo "1331"]
[BlackElo "1604"]
[PlyCount "94"]
[BlackFideId "24600660"]
[EventCountry "GER"]
[EventRounds "9"]
[EventType "swiss"]
[EventDate "2009.05.30"]

1. e4 e5 2. Nf3 Nc6 3. Bc4 Bc5 4. c3 Nf6 5. d4 exd4 6. O-O dxc3 7. Nxc3 d6 8.
h3 Be6 9. Bd5 Qd7 10. Bxe6 Qxe6 11. Re1 O-O-O 12. a3 Ne5 13. b4 Nxf3+ 14. Qxf3
Bd4 15. Bb2 Rde8 16. Rac1 Re7 17. Qd3 Qe5 18. Re2 Rhe8 19. Rd1 Bxc3 20. Bxc3
Qg5 21. f3 Nh5 22. Qe3 Qxe3+ 23. Rxe3 f5 24. Rde1 g6 25. Kf2 fxe4 26. Bd4 d5
27. fxe4 Rxe4 28. Rxe4 dxe4 29. Ke3 a6 30. g4 Ng3 31. Kf4 Rf8+ 32. Kxg3 Rf3+
33. Kg2 Rxa3 34. Rxe4 a5 35. bxa5 Rxa5 36. Bc3 Ra2+ 37. Kf3 Rh2 38. Kg3 Rh1 39.
Re2 Kd7 40. Re1 Rxe1 41. Bxe1 c5 42. Kf4 Ke6 43. Ke4 b5 44. Bf2 Kd6 45. Kd3 Kd5
46. Kc3 c4 47. Kb4 Ke4 1/2-1/2

[Event "DEM U16w 2009"]
[Site "Willingen GER"]
[Date "2009.06.04"]
[Round "7"]
[White "Endress, Anna"]
[Black "Bochis, Julia"]
[Result "1/2-1/2"]
[Termination "normal"]
[Board "2"]
[WhiteElo "2066"]
[BlackElo "2047"]
[PlyCount "56"]
[WhiteFideId "24629472"]
[BlackFideId "24647276"]
[EventCountry "GER"]
[EventRounds "9"]
[EventType "swiss"]
[EventDate "2009.05.30"]

1. e4 c5 2. Nf3 e6 3. d4 cxd4 4. Nxd4 Nc6 5. Nc3 a6 6. Be2 Nf6 7. Be3 Qc7 8. a3
b5 9. Nxc6 dxc6 10. f4 Be7 11. O-O O-O 12. e5 Nd5 13. Nxd5 cxd5 14. Bd4 Bd7 15.
b4 f6 16. Bd3 Be8 17. Qg4 f5 18. Qe2 Bg6 19. c3 Qc6 20. Qc2 Rac8 21. Rfb1 Bd8
22. Qf2 Rb8 23. a4 bxa4 24. Bc2 Bb6 25. Bxa4 Bxd4 26. cxd4 Qc4 27. Qb2 Be8 28.
Bd1 Bb5 1/2-1/2

[Event "DEM U16w 2009"]
[Site "Willingen GER"]
[Date "2009.06.04"]
[Round "7"]
[White "Nguyen Minh, Thuy"]
[Black "Smolkina, Milana"]
[Result "1-0"]
[Termination "normal"]
[Board "3"]
[WhiteElo "1862"]
[BlackElo "1917"]
[PlyCount "88"]
[WhiteFideId "24672688"]
[BlackFideId "24618780"]
[EventCountry "GER"]
[EventRounds "9"]
[EventType "swiss"]
[EventDate "2009.05.30"]

1. e4 c5 2. Nf3 d6 3. d4 cxd4 4. Nxd4 Nf6 5. Nc3 g6 6. Be3 Bg7 7. f3 O-O 8. Qd2
Nc6 9. Bc4 Bd7 10. O-O-O Ne5 11. Bb3 Rc8 12. Kb1 a6 13. h4 h5 14. g4 hxg4 15.
h5 Nxh5 16. Rdg1 Qa5 17. Bh6 Bf6 18. Bxf8 Kxf8 19. f4 Nc4 20. Bxc4 Rxc4 21. e5
Bg7 22. Nb3 Qc7 23. Nd5 Qd8 24. exd6 exd6 25. Ne3 Rc6 26. Na5 Qf6 27. c3 Rc7
28. Ka1 Qxf4 29. Rf1 Qe5 30. Nac4 Qc5 31. Nxd6 Nf6 32. Rd1 b5 33. Nc2 Bc6 34.
Rhe1 Bf3 35. Nf5 Rd7 36. Qxd7 Nxd7 37. Rxd7 Qc8 38. Rxf7+ Kxf7 39. Nd6+ Kf6 40.
Nxc8 Kg5 41. Nd4 Bd5 42. Ne7 Bc4 43. Ne6+ Bxe6 44. Rxe6 g3 1-0

[Event "DEM U16w 2009"]
[Site "Willingen GER"]
[Date "2009.06.04"]
[Round "7"]
[White "Blübaum, Johanna"]
[Black "Anker, Christin"]
[Result "0-1"]
[Termination "normal"]
[Board "4"]
[WhiteElo "1951"]
[BlackElo "1886"]
[PlyCount "50"]
[WhiteFideId "24647373"]
[BlackFideId "1615688"]
[EventCountry "GER"]
[EventRounds "9"]
[EventType "swiss"]
[EventDate "2009.05.30"]

1. d4 d5 2. c4 c6 3. Nc3 Nf6 4. e3 a6 5. Nf3 b5 6. b3 Bg4 7. Be2 e6 8. O-O Nbd7
9. Bb2 Bd6 10. Qc2 O-O 11. Rfd1 Qe7 12. h3 Bh5 13. c5 Bc7 14. Nd2 b4 15. Bxh5
bxc3 16. Bxf7+ Qxf7 17. Bxc3 e5 18. Nf3 Ne4 19. Rf1 Rae8 20. b4 Re6 21. a4 Qh5
22. Nd2 Nxc3 23. Qxc3 Rg6 24. Kh1 Qh4 25. f3 Qg3 0-1

[Event "DEM U16w 2009"]
[Site "Willingen GER"]
[Date "2009.06.04"]
[Round "7"]
[White "Dorn, Carina"]
[Black "Micklich, Rahel"]
[Result "1-0"]
[Termination "normal"]
[Board "5"]
[WhiteElo "1793"]
[BlackElo "1779"]
[PlyCount "101"]
[WhiteFideId "24666335"]
[BlackFideId "24639184"]
[EventCountry "GER"]
[EventRounds "9"]
[EventType "swiss"]
[EventDate "2009.05.30"]

1. d4 e6 2. c4 f5 3. Nf3 Nf6 4. Bf4 Bb4+ 5. Nbd2 d6 6. a3 Bxd2+ 7. Qxd2 Ne4 8.
Qc2 b6 9. Nd2 Bb7 10. Nxe4 Bxe4 11. Qc3 O-O 12. f3 Bb7 13. e3 Nd7 14. Bd3 Qe7
15. O-O-O c5 16. Bc2 d5 17. Rhe1 dxc4 18. dxc5 Rfc8 19. Bd6 Qf6 20. Qxc4 Nxc5
21. Bxc5 Rxc5 22. Qd4 Rac8 23. Rd2 Qxd4 24. exd4 R5c6 25. Kb1 Rd6 26. Bb3 Kf7
27. Re5 Kf6 28. Rde2 Re8 29. d5 Bc8 30. g4 g6 31. h4 h6 32. Kc2 Bd7 33. Kb1 Bc8
34. gxf5 gxf5 35. f4 Re7 36. h5 Bd7 37. Rg2 Be8 38. Rxe6+ Rdxe6 39. dxe6 Bxh5
40. Rg8 Bg4 41. Kc2 h5 42. Kd3 h4 43. Ke3 h3 44. Rh8 Kg7 45. Rh4 Kg6 46. Kd4
Rh7 47. Rxh7 Kxh7 48. e7 Bh5 49. Ke5 Bg6 50. Kf6 Kh6 51. Bf7 1-0

[Event "DEM U16w 2009"]
[Site "Willingen GER"]
[Date "2009.06.04"]
[Round "7"]
[White "Stark, Saskia"]
[Black "Stitterich, Nadine"]
[Result "1-0"]
[Termination "normal"]
[Board "7"]
[WhiteElo "1936"]
[BlackElo "1918"]
[PlyCount "75"]
[WhiteFideId "4601050"]
[BlackFideId "24676527"]
[EventCountry "GER"]
[EventRounds "9"]
[EventType "swiss"]
[EventDate "2009.05.30"]

1. e4 e5 2. Nf3 Nc6 3. d4 exd4 4. Nxd4 Bc5 5. Nf5 Qf6 6. Nc3 Nge7 7. Ne3 Bb6 8.
g3 O-O 9. Bg2 d6 10. O-O Qg6 11. Ncd5 Nxd5 12. Nxd5 Bg4 13. Qd2 Rae8 14. a4 a5
15. Nxb6 cxb6 16. b3 Qf6 17. Ba3 Rd8 18. f3 Bh5 19. Rad1 Rfe8 20. c4 h6 21. Qe3
b5 22. axb5 Nb4 23. Bxb4 axb4 24. Rd5 Bg6 25. Qd2 Ra8 26. Qxb4 Ra2 27. Rd2 Rea8
28. Rfd1 Bh5 29. Qxd6 Qxd6 30. Rxd6 R8a3 31. R6d2 Rxd2 32. Rxd2 Rxb3 33. g4 Bg6
34. Kf2 f6 35. Bf1 h5 36. gxh5 Bxh5 37. Be2 Be8 38. Rd8 1-0

[Event "DEM U16w 2009"]
[Site "Willingen GER"]
[Date "2009.06.04"]
[Round "7"]
[White "Wild, Katharina"]
[Black "Carow, Annelen"]
[Result "0-1"]
[Termination "normal"]
[Board "8"]
[WhiteElo "1904"]
[BlackElo "1661"]
[PlyCount "54"]
[WhiteFideId "24678015"]
[BlackFideId "24692492"]
[EventCountry "GER"]
[EventRounds "9"]
[EventType "swiss"]
[EventDate "2009.05.30"]

1. c4 Nf6 2. g3 e6 3. Bg2 d5 4. d4 c6 5. Qc2 Be7 6. Nf3 Nbd7 7. b3 O-O 8. O-O
dxc4 9. Qxc4 c5 10. Bb2 a6 11. Qc2 Rb8 12. Rd1 b5 13. dxc5 Bxc5 14. Be5 Qb6 15.
Bd4 Bb7 16. Nc3 Rbc8 17. Qd3 Bxf3 18. Bxc5 Qxc5 19. Qxf3 Qxc3 20. Qb7 Nc5 21.
Qb6 Nce4 22. Qxa6 Qc5 23. Bxe4 Nxe4 24. Rf1 Rc7 25. Qa5 Nc3 26. e3 Ra7 27. b4
Qc6 0-1

[Event "DEM U16w 2009"]
[Site "Willingen GER"]
[Date "2009.06.04"]
[Round "7"]
[White "Grömping, Carolin"]
[Black "Harder, Anne"]
[Result "1/2-1/2"]
[Termination "normal"]
[Board "9"]
[WhiteElo "1475"]
[BlackElo "1598"]
[PlyCount "40"]
[BlackFideId "4614631"]
[EventCountry "GER"]
[EventRounds "9"]
[EventType "swiss"]
[EventDate "2009.05.30"]

1. e4 c5 2. Nc3 g6 3. f4 e6 4. Nf3 Bg7 5. d3 Nc6 6. g3 Nge7 7. Bg2 O-O 8. O-O
d5 9. Ne2 b5 10. g4 a5 11. Ng3 f5 12. gxf5 exf5 13. e5 Qb6 14. Kh1 b4 15. h4
Nd8 16. Ng5 a4 17. Qe2 Ne6 18. Nf3 Bh6 19. Ng1 Bb7 20. Qd2 Rad8 1/2-1/2

[Event "DEM U16w 2009"]
[Site "Willingen GER"]
[Date "2009.06.04"]
[Round "7"]
[White "Falke, Cynthia"]
[Black "Jünger, Theresa"]
[Result "1-0"]
[Termination "normal"]
[Board "10"]
[WhiteElo "1502"]
[BlackElo "1575"]
[PlyCount "51"]
[WhiteFideId "24600644"]
[EventCountry "GER"]
[EventRounds "9"]
[EventType "swiss"]
[EventDate "2009.05.30"]

1. e4 c5 2. Nc3 e6 3. d3 d5 4. g3 Nf6 5. Bg2 Be7 6. f4 Nc6 7. Nf3 Rb8 8. O-O b5
9. exd5 exd5 10. Ne5 Na5 11. Bd2 b4 12. Ne2 O-O 13. c3 Bb7 14. cxb4 cxb4 15.
Be3 a6 16. Qa4 Bd6 17. Rac1 Re8 18. Bd4 Bc8 19. h3 b3 20. Bc3 Bc7 21. Kh1 Nd7
22. Bxa5 Bxa5 23. Nc6 Qf6 24. Nxb8 Rxe2 25. Rxc8+ Nf8 26. Rxf8+ 1-0

[Event "DEM U16w 2009"]
[Site "Willingen GER"]
[Date "2009.06.04"]
[Round "7"]
[White "Begeluri, Nino"]
[Black "Beier, Nina"]
[Result "1/2-1/2"]
[Termination "normal"]
[Board "11"]
[WhiteElo "1776"]
[BlackElo "1393"]
[PlyCount "127"]
[BlackFideId "24660434"]
[EventCountry "GER"]
[EventRounds "9"]
[EventType "swiss"]
[EventDate "2009.05.30"]

1. e4 e6 2. Nf3 d5 3. Nc3 Nf6 4. e5 Nfd7 5. d4 c5 6. dxc5 Bxc5 7. Bd3 Nc6 8.
Bf4 f6 9. exf6 Nxf6 10. Ne5 Bd7 11. O-O O-O 12. Bg3 Be8 13. Qd2 Nxe5 14. Bxe5
Nd7 15. Rae1 Nxe5 16. Rxe5 Qf6 17. Qe2 Bf7 18. Qe1 Bd4 19. Re2 e5 20. Bb5 a6
21. Ba4 b5 22. Bb3 Rad8 23. Nd1 Be6 24. c3 Bc5 25. Rxe5 Bf7 26. Kh1 Qf4 27. g3
Qf3+ 28. Kg1 Bg6 29. Qe2 Qxe2 30. Rxe2 Bd3 31. Re5 Bxf1 32. Kxf1 Kh8 33. Rxd5
Rxd5 34. Bxd5 g5 35. Kg2 Rd8 36. Bf3 Rd2 37. Kf1 b4 38. cxb4 Bxb4 39. a3 Bc5
40. Be2 a5 41. Ke1 Rd5 42. Ne3 Bxe3 43. fxe3 Kg7 44. b4 Kf6 45. Bc4 Re5 46. Ke2
Ke7 47. Kf3 h6 48. e4 Kd6 49. Bd5 axb4 50. axb4 Re8 51. Kg4 Rf8 52. b5 Kc5 53.
Bc6 Kd6 54. Kh5 Rf6 55. h4 gxh4 56. Kxh4 Ke5 57. Kg4 Kd6 58. Kh5 Ke5 59. g4 Kf4
60. Kh4 Rd6 61. Kh5 Rf6 62. Be8 Kxe4 63. Bg6+ Kf4 64. Bf5 1/2-1/2

[Event "DEM U16w 2009"]
[Site "Willingen GER"]
[Date "2009.06.04"]
[Round "7"]
[White "Garny, Annica"]
[Black "Velina, Valeria"]
[Result "1-0"]
[Termination "normal"]
[Board "12"]
[WhiteElo "1604"]
[BlackElo "1782"]
[PlyCount "49"]
[WhiteFideId "24600660"]
[BlackFideId "24677345"]
[EventCountry "GER"]
[EventRounds "9"]
[EventType "swiss"]
[EventDate "2009.05.30"]

1. e4 c6 2. d4 d5 3. Nc3 dxe4 4. Nxe4 Nf6 5. Nxf6+ exf6 6. Nf3 Bd6 7. Bd3 O-O
8. Be3 Bg4 9. h3 Bh5 10. g4 Bg6 11. Nh4 Re8 12. Nxg6 fxg6 13. Qd2 b5 14. O-O-O
a5 15. h4 Qc7 16. Rdf1 b4 17. f4 a4 18. h5 g5 19. fxg5 fxg5 20. Bxg5 Na6 21. h6
Rf8 22. Bxh7+ Kh8 23. hxg7+ Qxg7 24. Bf5+ Kg8 25. Be6+ 1-0

[Event "DEM U16w 2009"]
[Site "Willingen GER"]
[Date "2009.06.04"]
[Round "7"]
[White "Rusch, Julia"]
[Black "Maiwald, Anja"]
[Result "1-0"]
[Termination "normal"]
[Board "13"]
[WhiteElo "1425"]
[BlackElo "1331"]
[PlyCount "87"]
[EventCountry "GER"]
[EventRounds "9"]
[EventType "swiss"]
[EventDate "2009.05.30"]

1. e4 c5 2. Nf3 Nc6 3. d4 cxd4 4. Nxd4 g6 5. Nc3 Bg7 6. Be3 Nf6 7. Bc4 Qa5 8.
f3 Qb4 9. Bb3 Nxe4 10. a3 Nxc3 11. axb4 Nxd1 12. Rxd1 Nxb4 13. Nb5 O-O 14. Nc7
Rb8 15. Bxa7 Bxb2 16. Bxb8 Nc6 17. Nd5 Nxb8 18. Nxe7+ Kg7 19. Kf2 Ba3 20. Nd5
d6 21. Rhe1 Nc6 22. Ne7 Re8 23. Nxc6 bxc6 24. Kg3 d5 25. Kh4 Kf6 26. g4 g5+ 27.
Kg3 Bd6+ 28. Kg2 Bf4 29. Rh1 Kg7 30. Kf2 Bb7 31. h4 h6 32. hxg5 hxg5 33. Rh5
Rh8 34. Rxh8 Kxh8 35. c4 Kg7 36. cxd5 cxd5 37. Bxd5 Bxd5 38. Rxd5 Kf6 39. Ke2
Ke6 40. Rf5 f6 41. Kd3 Ke7 42. Kd4 Kd6 43. Rxf6+ Ke7 44. Rxf4 1-0

[Event "DEM U16w 2009"]
[Site "Willingen GER"]
[Date "2009.06.05"]
[Round "8"]
[White "Schulz, Anja"]
[Black "Endress, Anna"]
[Result "0-1"]
[Termination "normal"]
[Board "1"]
[WhiteElo "1995"]
[BlackElo "2066"]
[PlyCount "54"]
[WhiteFideId "24647845"]
[BlackFideId "24629472"]
[EventCountry "GER"]
[EventRounds "9"]
[EventType "swiss"]
[EventDate "2009.05.30"]

1. e4 c5 2. Nf3 d6 3. d4 cxd4 4. Nxd4 Nf6 5. Nc3 e6 6. Be2 Nc6 7. Be3 Be7 8.
Qd2 a6 9. f4 Qc7 10. Bf3 Na5 11. Qe2 Nc4 12. O-O-O Rb8 13. Rhe1 O-O 14. Bf2 Nd7
15. Bg3 b5 16. e5 b4 17. Nb1 d5 18. b3 Na3 19. f5 Bg5+ 20. Kb2 Nc5 21. f6 a5
22. Nf5 exf5 23. fxg7 Kxg7 24. h4 Be7 25. e6 Qxg3 26. exf7 Bf6+ 27. Kc1 Qf4+
0-1

[Event "DEM U16w 2009"]
[Site "Willingen GER"]
[Date "2009.06.05"]
[Round "8"]
[White "Bochis, Julia"]
[Black "Schätz, Annika"]
[Result "1-0"]
[Termination "normal"]
[Board "2"]
[WhiteElo "2047"]
[BlackElo "1763"]
[PlyCount "75"]
[WhiteFideId "24647276"]
[BlackFideId "24674796"]
[EventCountry "GER"]
[EventRounds "9"]
[EventType "swiss"]
[EventDate "2009.05.30"]

1. e4 c5 2. d3 Nc6 3. g3 d5 4. Nd2 Nf6 5. Bg2 Bg4 6. f3 Bd7 7. Ne2 e5 8. O-O
Be7 9. h3 Qc8 10. Kh2 h5 11. exd5 Nxd5 12. Ne4 f5 13. N4c3 Nxc3 14. Nxc3 g5 15.
Nd5 Qd8 16. f4 h4 17. g4 gxf4 18. gxf5 Bxf5 19. Bf3 Bg6 20. Re1 Qd6 21. c4
O-O-O 22. a3 Nd4 23. Bg4+ Bf5 24. b4 Rdg8 25. bxc5 Bxg4 26. cxd6 Bxd1 27. Nxe7+
Kd7 28. Rxd1 Nf3+ 29. Kh1 Rg3 30. Nf5 Rxh3+ 31. Kg2 Ng5 32. Rg1 Rf3 33. Bb2 h3+
34. Kh1 Rg8 35. Raf1 Rxd3 36. Ne7 h2 37. Rg4 Rg7 38. Bxe5 1-0